| 000 | 00982cad a22002295a 4500 | ||
|---|---|---|---|
| 001 | L146610 | ||
| 008 | 090209s2008 xxka e 000 0 eng d | ||
| 035 | _a(Sirsi) u146610 | ||
| 041 | 0 | _aeng | |
| 050 | 0 | 4 | _a627.4 $2 18 |
| 110 | 2 |
_aRoyal Institution of Chartered Surveyors _94900 |
|
| 245 | 0 | 0 |
_aFlooding _bpreparation, advice, recovery _h[electronic resource] |
| 260 |
_aLondon _bRICS _c[2008] |
||
| 505 | 2 | _aPreparing for flooding -- During a flood -- Post-flood recovery -- Free RICS guides -- Further information -- Find an RICS member | |
| 520 | _aRICS guide provides advice for home owners on preparing for floods and recovering from their deleterious effects. | ||
| 521 | _aIntroductory | ||
| 590 | _aKA | ||
| 651 | 4 |
_aUnited Kingdom _y |
|
| 690 | _aENVIRONMENTAL AND LAND CONSULTANCY-WATER RESOURCE MANAGEMENT-FLOODING | ||
| 856 | 4 | 0 |
_uhttps://www.rics.org/RICSWEB/getpage.aspx?p=OmV1dpqDZEalSdEo-ligbg _zView the item free of charge at www.rics.org... |
| 942 | _n0 | ||
| 999 |
_c109241 _d109241 |
||